000 00911nam a22002777a 4500
001 BR9212081
003 BR-BrBNA
005 20230928093727.0
007 ta
008 230509b bl.||||| |||| 00| 0 por d
040 _aBR-BrBNA
_bpor
_cBiblioteca Nacional de Agricultura
041 _a(Por)
072 _aP06
_b/G514
090 _ P06 BR9212081
110 1 _aInstituto de Pesquisas Tecnologicas, Sao Paulo, SP (Brasil)
_96224
245 1 _aDimensionamento e localizacao do potencial de biomassa das florestas nativas e cerrados do Estado de Sao Paulo
_bProjeto Potencial de Biomassas Vegetais para fins Energeticos no Estado de Sao Paulo
260 3 _aSao Paulo, SP (Brasil):
_c1980.
300 _a123 p.
650 _aFloresta
650 _aArvore Florestal
650 _aBiomassa
650 _aRecurso Energetico
650 _aSao Paulo
909 _a202309
_bLucia
_c55
_dLucia Elande
942 _cBK
999 _c46736
_d46736